ABC of nutrition. (Record no. 6993)

MARC details
000 -LEADER
fixed length control field 00597nam a22002172 4500
001 - CONTROL NUMBER
control field 0000005309
005 - DATE AND TIME OF LATEST TRANSACTION
control field 20151217152001.0
008 - FIXED-LENGTH DATA ELEMENTS--GENERAL INFORMATION
fixed length control field 070611s xx 000 0 eng d
020 ## - INTERNATIONAL STANDARD BOOK NUMBER
International Standard Book Number 0727916643 :
Terms of availability GBP 13.95
040 ## - CATALOGING SOURCE
Original cataloging agency KABU
Transcribing agency KABU
050 #0 - LIBRARY OF CONGRESS CALL NUMBER
Classification number TX354
Item number .T78 2003
100 1# - MAIN ENTRY--PERSONAL NAME
Personal name Truswell, A. Stewart.
-- 0000156527
245 10 - TITLE STATEMENT
Title ABC of nutrition.
250 ## - EDITION STATEMENT
Edition statement 4th ed.
260 ## - PUBLICATION, DISTRIBUTION, ETC. (IMPRINT)
Place of publication, distribution, etc. London :
Name of publisher, distributor, etc. BMJ Books,
Date of publication, distribution, etc. 2003.
300 ## - PHYSICAL DESCRIPTION
Extent vii, 140 p.
650 #0 - SUBJECT ADDED ENTRY--TOPICAL TERM
Topical term or geographic name as entry element Nutrition (Home economics)
-- 0000156528
908 ## - PUT COMMAND PARAMETER (RLIN)
Put command parameter 070611
950 ## - LOCAL HOLDINGS (RLIN)
-- 1
Holdings
Withdrawn status Lost status Source of classification or shelving scheme Not for loan Home library Current library Date acquired Total Checkouts Full call number Barcode Date last seen Date last checked out Price effective from Koha item type
    Library of Congress Classification   Kabarak, Main Campus Kabarak, Main Campus 17/12/2015 1 TX354 .T78 2003 009578 17/12/2019 13/11/2019 17/12/2015 General Collection
Designed with assistance from East African Informatics Ltd